Online trader's dictionary : (Record no. 141)

000 -LEADER
fixed length control field 01074cam a22003014a 4500
001 - CONTROL NUMBER
control field 12467719
003 - CONTROL NUMBER IDENTIFIER
control field OSt
005 - DATE AND TIME OF LATEST TRANSACTION
control field 20210417101649.0
008 - FIXED-LENGTH DATA ELEMENTS--GENERAL INFORMATION
fixed length control field 010712s2002 nju d 000 0 eng
010 ## - LIBRARY OF CONGRESS CONTROL NUMBER
LC control number 2001042528
020 ## - INTERNATIONAL STANDARD BOOK NUMBER
International Standard Book Number 1564145670
040 ## - CATALOGING SOURCE
Original cataloging agency DLC
Transcribing agency DLC
Modifying agency DLC
042 ## - AUTHENTICATION CODE
Authentication code pcc
050 00 - LIBRARY OF CONGRESS CALL NUMBER
Classification number HG4515.95
Item number .S48 2002
080 ## - UNIVERSAL DECIMAL CLASSIFICATION NUMBER
Universal Decimal Classification number 811-3
Item number S-55
082 00 - DEWEY DECIMAL CLASSIFICATION NUMBER
Classification number 332.63/2/03
Edition number 21
100 1# - MAIN ENTRY--PERSONAL NAME
Personal name Shook, R. J.
Fuller form of name (Robert James)
245 10 - TITLE STATEMENT
Title Online trader's dictionary :
Remainder of title the most up-to-date and authoritative compendium of financial terms /
Statement of responsibility, etc. by R.J. Shook.
260 ## - PUBLICATION, DISTRIBUTION, ETC.
Place of publication, distribution, etc. Franklin Lakes, NJ :
Name of publisher, distributor, etc. Career Press,
Date of publication, distribution, etc. c2002.
300 ## - PHYSICAL DESCRIPTION
Extent 508 p. ;
Dimensions 21 cm.
365 ## - TRADE PRICE
Price amount 14.99 usd
650 #0 - SUBJECT ADDED ENTRY--TOPICAL TERM
Topical term or geographic name entry element Electronic trading of securities
Form subdivision Dictionaries.
650 #0 - SUBJECT ADDED ENTRY--TOPICAL TERM
Topical term or geographic name entry element Investments
Form subdivision Dictionaries.
653 ## - INDEX TERM--UNCONTROLLED
Uncontrolled term ინვესტიცია, ლექსიკონი
906 ## - LOCAL DATA ELEMENT F, LDF (RLIN)
a 7
b cbc
c orignew
d 1
e ocip
f 20
g y-gencatlg
942 ## - ADDED ENTRY ELEMENTS (KOHA)
Source of classification or shelving scheme
Koha item type Books
Holdings
Withdrawn status Lost status Source of classification or shelving scheme Damaged status Not for loan Permanent location Current location Date acquired Inventory number Full call number Barcode Date last seen Price effective from Koha item type
          Ken Walker International University Ken Walker International University 11/11/2020 314 811-3 S-55 314 11/11/2020 11/11/2020 Books

Powered by Koha